腫瘤護理學 = (Record no. 7679)

MARC details
000 -記錄標示
fixed length control field 00778cam a2200277 4500
001 - 控制號(記錄識別欄)
control field 2537870
003 - 控制號標識
控制識別號 yeezen
005 - 最後更新時間
control field 20260106165230.0
008 - 定長欄資料代碼
fixed length control field 250822s2025 ch a e b 001 0 chi d
020 ## - 國際標準書號
國際標準書號 9789861948416
限定資訊 (平裝) :
價格與相關資訊 新臺幣800元
040 ## - 編目來源
原編目機構 SAN
編目語言 chi
移轉機構 桃市圖
編目規則代碼 CCR
041 0# - 語言代碼
正文或其他題名語言代碼 chi
042 ## - 編目審定機構代碼
編定審定機構代碼 nbic
084 ## - 其它分類號
分類號 419.8234
書號 1227
號碼來源 ncsclt
090 ## - 館藏紀錄
Classification number (OCLC) (R) ; Classification number, CALL (RLIN) (NR) 419.8234
Local cutter number (OCLC) ; Book number/undivided call number, CALL (RLIN) 1227
100 1# - 主要款目--主要著者
個人姓名 孫秀卿
著作方式
245 10 - 題名及著者敘述項
正題名 腫瘤護理學 =
其他題名 Oncology nursing /
著者敍述 孫秀卿等作
246 11 - 題名的其他形式
題名 Oncology nursing.
250 ## - 版本項
版本敍述 一版
260 ## - 出版項
出版地 臺北市 :
出版者 華杏,
出版年 2025.06
300 ## - 稽核項
數量(面數, 冊數或其他) [16], 552, 6面 :
插圖及其他 圖 ;
高廣尺寸 26公分
504 ## - 書目註
書目註 含參考書目及索引
650 #7 - 標題附加款目--主題用語
主題用語 腫瘤護理
標題系統出處 lcstt.
650 #7 - 標題附加款目--主題用語
主題用語 癌症
標題系統出處 lcstt.
942 ## - 附加款目元素 (KOHA)
分類法來源 中文圖書分類法
Koha 館藏類型 長期借閱書籍
Holdings
撤銷狀態 遺失狀態 分類號來源 損壞狀態 不外借 永久館藏地 現在館藏地 書架位置 採購日期 全部借出 全部續借 完整索書號 條碼號 還書日 最後一次日期記錄 Date last checked out 一般價格有效日期 Koha館藏類型
未註銷館藏 未遺失 中文圖書分類法 未損毀 可外借 怡仁綜合醫院圖書館 怡仁綜合醫院圖書館 放射腫瘤科 2026-01-06 2 1 419.8234 C03265 2026-06-30 2026-03-24 2026-03-24 2026-01-06 長期借閱書籍
怡仁醫院| 地址:32643桃園市楊梅區楊新北路321巷30號 | 服務專線:03-4855566 | 電子郵件信箱:
Copyright © 1996 CHC Hospital